UBT Library

The erosion of childhood / (Record no. 43965)

000 -LEADER
fixed length control field 00598cam a2200229 a 4500
001 - CONTROL NUMBER
control field 2788306
005 - DATE AND TIME OF LATEST TRANSACTION
control field 20180302041916.0
008 - FIXED-LENGTH DATA ELEMENTS--GENERAL INFORMATION
fixed length control field 811021s1982 ilu b 001 0 eng
010 ## - LIBRARY OF CONGRESS CONTROL NUMBER
LC control number 81016227
020 ## - INTERNATIONAL STANDARD BOOK NUMBER
International Standard Book Number 0226780066
040 ## - CATALOGING SOURCE
Original cataloging agency DLC
Transcribing agency DLC
Modifying agency DLC
041 ## - LANGUAGE CODE
Language code of text/sound track or separate title eng
043 ## - GEOGRAPHIC AREA CODE
Geographic area code n-us---
080 ## - UNIVERSAL DECIMAL CLASSIFICATION NUMBER
Universal Decimal Classification number 305.23 POL
082 00 - DEWEY DECIMAL CLASSIFICATION NUMBER
Classification number 305.23 POL
Edition number 19
100 1# - Rafti
Rafti 50
101 ## - Shkurtesa
Shkurtesa SOC
245 14 - TITLE STATEMENT
Title The erosion of childhood /
Statement of responsibility, etc Valerie Polakow Suransky.
504 ## - BIBLIOGRAPHY, ETC. NOTE
Bibliography, etc Includes bibliographical references and index.
906 ## - LOCAL DATA ELEMENT F, LDF (RLIN)
a 7
b cbc
c orignew
d 1
e ocip
f 19
g y-gencatlg
942 ## - ADDED ENTRY ELEMENTS (KOHA)
Source of classification or shelving scheme
Item type Books
Holdings
Withdrawn status Lost status Source of classification or shelving scheme Damaged status Not for loan Collection code Permanent location Current location Shelving location Date acquired Total Checkouts Full call number Barcode Date last seen Price effective from Koha item type
          Koleksioni i përgjithshem UBT - Lipjan UBT - Lipjan Koleksioni i përgjithshem 03/02/2018   305.23 POL 002-3000320 03/02/2018 03/02/2018 Books
UBT Library © 2015-2024. All rights reserved University Education for Business and Technology